| 000 | 00426nam a22001697a 4500 | ||
|---|---|---|---|
| 003 | NUST | ||
| 020 | _a978-14-2007090-3 | ||
| 038 | _akhadija | ||
| 082 |
_a004.62 _bAGB |
||
| 100 |
_aAgbinya, Johnson I. _981636 |
||
| 245 |
_aIP Communications and Services for NGN / _cJohnson I .Agbinya. |
||
| 260 |
_aNew York, _bCRF press, _c2008. |
||
| 300 | _a373p. : | ||
| 500 | _aHardcover. | ||
| 563 | _ahard cover | ||
| 942 |
_cBK _2ddc |
||
| 999 |
_c32531 _d32531 |
||